LEADER 01270nam a2200277 a 4500 001 000000147779 003 CaOOAMICUS 005 20151127151834.0 008 151127s2015 it m u000 u ita r 032 $aLibriCat 040 $aPUL$bita 100 1 $aFerrari Pier Luigi.$0(OLS)http://pul/name/39500 245 12$aI luoghi del Regno : $bla dimensione "spaziale" nel racconto di Marco /$cPier Luigi Ferrari. 260 $aRomae :$b[s.n.],$c2015. 300 $a457 p.;$c21 cm 502 $aTesi di dottorato in Sacra Teologia-- Pontificia Universitas Lateranensis, 2015. 504 $aBibliografia: p. 419-453. 630 04$aBiblia.$pN.T.$pMarcus$xCritica e interpretazione.$0(OLS)http://pul/subject/37840 710 2 $aPontificia Universitą Lateranense.$bFacoltą di Teologia$kTesi.$0(OLS)http://pul/name/81775 850 $aPUL 852 $aPUL$W1$xDP1 Tesi Pon Univ. Lateranense$y41$m2015 B 8$j168039$qTesi$B171580$CPULBib$Z2$F171580 $82 910 $aPontificia Universitą Lateranense.$bFacoltą di sacra teologia.$kTesi$981775 941 1 $a16 996 $6245$aI luoghi del Regno : $bla dimensione "spaziale" nel racconto di Marco$9(OLS)http://pul/title/186171 996 $6260$aRomae :$b[s.n.]$9(OLS)http://pul/publisher/48223 LEADER 01459nam a2200337 a 4500 001 000000150672 003 CaOOAMICUS 005 20160321120423.0 008 160321s2012 it a u000 u ita r 020 $a978-88-7578-306-8* 032 $aLibriCat 040 $aPUL$bita 041 1 $aita$heng 082 04$a303.4 100 1 $aFloridi, Luciano,$d1964-$0(OLS)http://pul/name/75158 240 10$aInformation.$lItaliano.$0(OLS)http://pul/title/189831 245 13$aLa rivoluzione dell'informazione /$cLuciano Floridi ; traduzione di Massimo Durante ; prefazione di Juan Carlos De Martin. 260 $aTorino :$bCodice edizioni,$c©2012. 300 $aXV, 162 p. :$bill. ;$c22 cm. 504 $aComprende riferimenti bibliografici e indice. 650 4$aInformazione$xAspetti sociali.$0(OLS)http://pul/subject/40115 700 1 $aDurante, Massimo.$0(OLS)http://pul/name/70074 700 1 $aMartin, Juan Carlos de.$0(OLS)http://pul/name/95895 850 $aPUL 852 $aPUL$W1$xSL Diritto e Scienze Sociali 3$y79$m303. 4 FLOLU 1$j173166$qDDC 21$B175236$CPULBib$Z2$F175236 $H127486 $81 941 1 $a9 996 $6020$a978-88-7578-306-8*$9(OLS)http://pul/number/160119 996 $6082$a303.4$9(OLS)http://pul/classification/529 996 $6245$aLa rivoluzione dell'informazione$9(OLS)http://pul/title/189830 996 $6260$aTorino :$bCodice edizioni$9(OLS)http://pul/publisher/81165